| 000 | 00343nam a2200109Ia 4500 | ||
|---|---|---|---|
| 008 | 180205s9999 xx 000 0 und d | ||
| 020 | _a9716856466 | ||
| 100 | _aDela Cruz, Sonia Gasilla | ||
| 245 |
_aNational service training program : _bliteracy training service 1 / |
||
| 260 |
_aQuezon City: _bLorimar publisihing _c2005 |
||
| 300 | _a116 pages | ||
| 999 |
_c354659 _d354659 |
||